| 000 | 00619nam a2200217Ia 4500 | ||
|---|---|---|---|
| 005 | 20250923144753.0 | ||
| 008 | 008 250917s9999 xx 000 0 eng d | ||
| 037 | _aTextual | ||
| 040 |
_aDSWL _beng _cDSWL |
||
| 041 |
_aeng _2eng |
||
| 084 |
_aY1:1:7z7, K0 _qDSWL |
||
| 100 |
_aEiseley, Lorence _9828238 |
||
| 245 | 0 |
_aSocial control in a free society _cby Lorence Eiseley |
|
| 260 |
_aPhiladelphia _bUniversityof Pennsy _c1960 |
||
| 300 | _a139p. | ||
| 365 |
_aUSD _b4.5 |
||
| 700 |
_aE.G.Hampel _9828239 |
||
| 925 | _g4.5 | ||
| 942 |
_cTEXL _hY1:1:7z7, K0 |
||
| 999 |
_c1443127 _d1443127 |
||